Canterbury Tales Opening Lines- Middle English - Statistics

General Stats
  • This quiz has been taken 16 times
  • The average score is 13 of 98
Answer Stats
Answer % Correct
When
100%
April
80%
his
50%
with
50%
showers
40%
sweet
40%
again
10%
all
10%
also
10%
And
10%
and
10%
and
10%
and
10%
and
10%
And
10%
and
10%
bathed
10%
birds
10%
breath
10%
buds
10%
course
10%
do
10%
drought
10%
each
10%
every
10%
eye
10%
flower
10%
folk
10%
fruit
10%
generate
10%
go
10%
half
10%
has
10%
has
10%
has
10%
has
10%
heath
10%
his
10%
his
10%
holt
10%
in
10%
Into
10%
liquor
10%
little
10%
long
10%
make
10%
many
10%
March
10%
melody
10%
Nature
10%
night
10%
of
10%
on
10%
on
10%
one
10%
open
10%
pierced
10%
pilgrimage
10%
power
10%
pricks
10%
Quickened
10%
rage
10%
Ram
10%
ramp
10%
root
10%
run
10%
shoots
10%
sire
10%
sleep
10%
So
10%
sun
10%
sweet
10%
tender
10%
that
10%
That
10%
The
10%
the
10%
the
10%
The
10%
the
10%
the
10%
the
10%
them
10%
Then
10%
therein
10%
through
10%
To
10%
to
10%
to
10%
unto
10%
vein
10%
When
10%
with
10%
with
10%
with
10%
with
10%
young
10%
Zephyr
10%
No matching quizzes found
Score Distribution
Percent of People with Each Score
Percentile by Number Answered
Your Score History
You have not taken this quiz